000 00408nam a2200181Ia 4500
001 19652
005 20260306172709.0
008 260306t2005||||xx |||||||||||||| ||spa||
041 _aESP
082 _a340.8L
_bD44
100 _aDefensoría del Pueblo
_eAUT
245 0 _aCompendio de normas legales
260 _c2005
300 _a
_c
650 _aGEN
654 _aCDE
942 _cLIB
_dJUS
_fJUS
_2ddc
_n
999 _c19652
_d19652